000
00390nam a2200133Ia 4500
008
100328s9999 xx 000 0 und d
082
_b
17595
100
_a
रंजीत कर्नल
245
_a
मौत की छाया
260
_b
शिक्षा भारती
630
_a
मौत की छाया
730
_a
मौत की छाया
942
_c
BOOK
999
_c
512149
_d
512146